| 000 | 00334nam a22001217a 4500 | ||
|---|---|---|---|
| 020 | _a9783319833620 | ||
| 040 | _cNUST | ||
| 082 | _a621.317 ADV | ||
| 100 |
_aKabziĆski, Jacek _984118 |
||
| 245 | _aAdvanced Control of Electrical Drives and Power Electronic Converters | ||
| 260 |
_aSwitzerland: _bSpringer, _c2017. |
||
| 942 |
_2ddc _cBK |
||
| 999 |
_c586748 _d586748 |
||